Modelovanie surovárne cukrovaru v Rimavskej Sobote

Gespeichert in:
Bibliographische Detailangaben
1. Verfasser: Udut, Viktória (Verfasst von)
Format: Manuskript Buch
Sprache:Slowakisch
Veröffentlicht: Bratislava : STU v Bratislave FCHPT, 2002
Ausgabe:Obháj.: 7.6.2002
Tags: Tag hinzufügen
Keine Tags, Fügen Sie das erste Tag hinzu!

MARC

LEADER 00000ntm a22000003a 4500
001 stu76598
005 20150617225645.3
008 020711s2002----xo------------------slo-d
040 |a STU  |b slo 
041 0 |a slo 
044 |a xo 
100 1 |a Udut, Viktória  |4 aut 
245 1 |a Modelovanie surovárne cukrovaru v Rimavskej Sobote 
250 |a Obháj.: 7.6.2002 
260 |a Bratislava :  |b STU v Bratislave FCHPT,  |c 2002 
300 |a 65 s. Grafy,lit 
500 |a Špec.: Chémia a technológia sacharidov a cereálií 
996 |b 284C026897  |c C*D13598  |l CCI  |s A  |a 24  |w stu76598_0001